000 00762nam a22002177a 4500
003 UA-OsUOA
001 82676
007 ta
008 20120315b un ||||| |||| 00| 0 ukr d
100 _aМаслова Л.Н.
090 _a659
_bМ31
942 _cSA
040 _aUA-OsUOA
_brus
_cUA-OsUOA
_dUA-OsUOA
245 _aИследование коммуникации с позиций социоконструктивизма
300 _aС.61-69
955 _a0
041 _arus
080 _a659
773 0 _w82671
_tВопросы филологических наук
_dМ.
_d2011
_g6
650 7 _a659 Реклама. Система інформації. Громадська інформація та реклама (Паблик-Рилейшнз)
_2UDC
999 _c368986
_d368986